00433nam a2200133Ia 4500008004100000100004000041245004100081245004000122260003900162260000900201300001500210440005800225650001600283180910s9999 xx 000 0 und d aAmerican psychological association. aAmerican psychological association / cAmerican psychological association. bAmerican psychological association c2018 a497 pages. aJournal of personality and social psychologyv114 : 2 aPsychology.